000 00816nam a2200253Ia 4500
003 OSt
005 20220923222427.0
006 a|||||r|||| 00| 0
007 ta
008 220922b |||||||| |||| 00| 0 hin d
024 _a204,871
037 _cTextual
040 _aARTS
_cARTS
_bhin
041 _2hin
_ahin
082 _aO152,1:g, M6.2
100 _aरविचन्द्
_9156277
245 0 _aहिन्दी कविता स्थिति एंव गति
246 _aHindī kavitā sthiti eanva gati
260 _aदिल्ली
_b विभूति प्रका0
_c1986
300 _a128पृ.
_ccm.
650 _aहिन्दी साहित्य
_9156264
942 _hO152,1:g, M6.2
_cTEXL
_2CC
999 _c355619
_d355619